00843 2200277 4500001002100000005001700021008004100038020002200079035002400101040001200125082001200137084001800149090001800167100002200185245013100207250001100338260003300349300002800382504003100410650004000441700001200481700001900493710001900512850001200531990002200543INLIS00000000002519320170222102125.0  a978-602-7894-27-3 0010-021700000000007 aYOPDYOG 223a333 aDEP 333 Ari R aDEP 333 Ari R aARISTIONO NUGROHO aRelasi kuasab: dalam strategi pertanahan di desa Prigelanc/Aristiono Nugroho, Suharno, Tullus Subroto; editor Tim STPN Press aCet. 1 aYogyakartabSTPN Pressc2016 aviii, 45 hlm.c; 20 cm. aBibliografi : hlm. 193-195 aTanah - Penggunaan dan pemeliharaan aSuharno aTullus Subroto aTim STPN Press aYOPDYOG aCB-D.11/2016-1239